000 00843cab a2200253 4500
001 WB3416-33
008 090401t1998 xxu||||| |||| 00| 0 eng d
035 _a(Sirsi) u85859
041 _aeng
245 4 _aThe essentials of living space
260 _c1998
350 _a0
490 _aEstates Gazette
_v(9817) 25 April 1998, 143(1)
520 _aIn "Parkins v Westminster CC" (ABS58471) the old issues of lease/ licence distinction, and the concept of `separate dwellings` were once again addressed.
650 _aEXCLUSIVE POSSESSION
650 _aFLATS
650 _aHOUSING ACT 1985
650 _aLICENCE AGREEMENTS
650 _aPARKINS V WESTMINSTER CC
650 _aSECURE TENANCY
690 _aPROPERTY-RESIDENTIAL PROPERTY-RESIDENTIAL LANDLORD AND TENANT-RESIDENTIAL TENANCIES
942 _n0
948 _c28/04/1998
999 _c54009
_d54009